[Event "FRM-chT qual Gr-A"]
[Site "Ohrid"]
[Date "2020.08.22"]
[Round "2.1"]
[White "Ilic, Mihajlo"]
[Black "Batkoski, Igor"]
[Result "0-1"]
[WhiteElo "2085"]
[BlackElo "1475"]
[PlyCount "71"]
[EventDate "2020.08.21"]
[EventType "team-tourn"]
[EventRounds "5"]
[EventCountry "MKD"]
[SourceTitle "CBM 198 Extra"]
[Source "ChessBase"]
[SourceDate "2020.11.30"]
[SourceVersion "1"]
[SourceVersionDate "2020.11.30"]
[SourceQuality "1"]
[WhiteTeam "Bitola Noemvri"]
[BlackTeam "Struga"]
[WhiteTeamCountry "MKD"]
[BlackTeamCountry "MKD"]

1. e4 e6 2. d4 d5 3. Nd2 c5 4. exd5 exd5 5. Bb5+ Nc6 6. Ngf3 a6 7. Be2 cxd4 8. 0-0 Nf6 9. Nb3 Be7 10. Nbxd4 0-0 11. Bg5 h6 12. Bh4 Qb6 13. Rb1 Bg4 14. c3 Rae8 15. Re1 Nh5 16. Bxe7 Rxe7 17. Nxc6 bxc6 18. Nd4 Rfe8 19. Qd2 Nf6 20. Bxg4 Nxg4 21. Rxe7 Rxe7 22. b3 Nf6 23. f3 c5 24. Nf5 Re5 25. Ng3 c4+ 26. Qf2 Qe6 27. Kf1 a5 28. Re1 cxb3 29. axb3 Qa6+ 30. Kg1 Rxe1+ 31. Qxe1 Qb6+ 32. Kf1 Qxb3 33. Qe5 a4 34. Nf5 Qb1+ 35. Kf2 a3 36. Ne7+ 0-1

[Event "FRM-chT"]
[Site "Struga"]
[Date "2018.08.13"]
[Round "3.2"]
[White "Ilic, Mihajlo"]
[Black "Hadzi Manev, Ljubomir"]
[Result "1/2-1/2"]
[WhiteElo "2123"]
[BlackElo "1998"]
[PlyCount "20"]
[EventDate "2018.08.11"]
[EventType "team-tourn"]
[EventRounds "7"]
[EventCountry "MKD"]
[SourceTitle "CBM 186 Extra"]
[Source "ChessBase"]
[SourceDate "2018.08.24"]
[SourceVersion "1"]
[SourceVersionDate "2018.08.24"]
[SourceQuality "1"]
[WhiteTeam "Bitola Noemvri"]
[BlackTeam "Skopje Karposh"]
[WhiteTeamCountry "MKD"]
[BlackTeamCountry "MKD"]

1. e4 c6 2. d4 d5 3. Nd2 dxe4 4. Nxe4 Nf6 5. Ng5 h6 6. N5f3 Bf5 7. Bd3 Bxd3 8. Qxd3 Nbd7 9. Ne2 e6 10. 0-0 Bd6 1/2-1/2

[Event "FRM-chT 25th"]
[Site "Ohrid"]
[Date "2016.08.12"]
[Round "5.3"]
[White "Nedev, Trajce"]
[Black "Ilic, Mihajlo"]
[Result "1-0"]
[WhiteElo "2481"]
[BlackElo "2151"]
[PlyCount "37"]
[EventDate "2016.08.08"]
[EventType "team-tourn"]
[EventRounds "5"]
[EventCountry "MKD"]
[SourceTitle "CBM 173 Extra"]
[Source "ChessBase"]
[SourceDate "2016.08.29"]
[SourceVersion "1"]
[SourceVersionDate "2016.08.29"]
[SourceQuality "1"]
[WhiteTeam "Skopje Alkaloid"]
[BlackTeam "Bitola Noemvri"]
[WhiteTeamCountry "MKD"]
[BlackTeamCountry "MKD"]

1. e4 c5 2. Nf3 e6 3. d4 cxd4 4. Nxd4 Nf6 5. Nc3 d6 6. Be3 a6 7. f3 Qc7 8. Qd2 Nc6 9. 0-0-0 Bd7 10. g4 Nxd4 11. Qxd4 Bc6 12. g5 Nd7 13. h4 0-0-0 14. Kb1 Rg8 15. h5 Nc5 16. g6 hxg6 17. hxg6 fxg6 18. Bh3 Kb8 19. b4 1-0

[Event "FRM-chT 2nd League"]
[Site "Skopje"]
[Date "2011.05.21"]
[Round "6"]
[White "Ilic, Mihajlo"]
[Black "Glavinac, Goran"]
[Result "1/2-1/2"]
[WhiteElo "2180"]
[BlackElo "2184"]
[PlyCount "98"]
[EventDate "2011.04.10"]
[EventType "team-tourn"]
[EventRounds "7"]
[EventCountry "MKD"]
[SourceTitle "EXT 2019"]
[Source "ChessBase"]
[SourceDate "2018.10.10"]
[SourceVersion "1"]
[SourceVersionDate "2018.10.10"]
[SourceQuality "1"]

1. e4 c6 2. d4 d5 3. e5 Bf5 4. Nf3 e6 5. Be2 Ne7 6. 0-0 c5 7. c4 Nbc6 8. Qa4 Qa5 9. Qxa5 Nxa5 10. cxd5 Nxd5 11. Bb5+ Nc6 12. Bxc6+ bxc6 13. Nc3 Nb4 14. Be3 Nc2 15. Rac1 c4 16. Ne1 Nb4 17. a3 Nd3 18. Nxd3 Bxd3 19. Rfd1 Rb8 20. Rd2 Be7 21. Ne2 Kd7 22. Rc3 Rb7 23. Nc1 Rhb8 24. Nxd3 cxd3 25. b4 a5 26. Rcxd3 axb4 27. axb4 Rxb4 28. g3 Ra4 29. Rc2 Rb1+ 30. Kg2 Bb4 31. h4 h5 32. Kf3 Ba5 33. Kf4 f6 34. exf6 gxf6 35. Rc5 Rb5 36. Kf3 Bb6 37. Rc1 Rf5+ 38. Kg2 Ba5 39. Rb3 Rb5 40. Rd3 Ra2 41. Rc4 Kd6 42. Rd1 Rb3 43. Kf3 Bd2 44. Rc5 Bxe3 45. fxe3 Raa3 46. Re1 e5 47. Rc4 Kd5 48. Rc5+ Kd6 49. Rc4 Kd5 1/2-1/2

[Event "FRM-chT 2nd League"]
[Site "Skopje"]
[Date "2011.04.16"]
[Round "2"]
[White "Ilic, Mihajlo"]
[Black "Vladimirov, Vladimir"]
[Result "1-0"]
[WhiteElo "2180"]
[BlackElo "2142"]
[PlyCount "126"]
[EventDate "2011.04.10"]
[EventType "team-tourn"]
[EventRounds "7"]
[EventCountry "MKD"]
[SourceTitle "EXT 2019"]
[Source "ChessBase"]
[SourceDate "2018.10.10"]
[SourceVersion "1"]
[SourceVersionDate "2018.10.10"]
[SourceQuality "1"]

1. e4 d6 2. d4 Nf6 3. Nc3 g6 4. Nf3 Bg7 5. Be2 0-0 6. 0-0 Bg4 7. h3 Bxf3 8. Bxf3 e5 9. dxe5 dxe5 10. Bg5 c6 11. Qe2 Nbd7 12. Rfd1 Qc7 13. Rd2 Rfe8 14. Qc4 Nb6 15. Qe2 Nfd7 16. Be3 Rad8 17. Bg5 f6 18. Be3 Bf8 19. Bg4 Bb4 20. Rxd7 Nxd7 21. Qc4+ Kg7 22. Qxb4 b6 23. a4 Nf8 24. a5 Rb8 25. axb6 axb6 26. Ra6 h5 27. Be2 Nd7 28. Ra1 Rb7 29. Rd1 b5 30. Ra1 c5 31. Qa5 Qxa5 32. Rxa5 b4 33. Na4 Rc7 34. b3 Rec8 35. Bc4 f5 36. exf5 gxf5 37. f4 Kf6 38. Bb5 Nf8 39. Ra6+ Ne6 40. Nb2 e4 41. Bf2 Ke7 42. Bh4+ Kf7 43. Bc4 Rc6 44. Ra1 Kg6 45. Bxe6 Rxe6 46. Nc4 Rc7 47. Kf2 Kh7 48. Rd1 Ra7 49. Ne3 Ra2 50. Kg1 c4 51. bxc4 b3 52. cxb3 Rb6 53. Rb1 Ra3 54. Nxf5 Raxb3 55. Rxb3 Rxb3 56. Bf2 Rc3 57. Ne3 Rc1+ 58. Kh2 Kg6 59. g4 hxg4 60. hxg4 Rc3 61. Kg3 Rc1 62. Kg2 Rc3 63. Kf1 Ra3 1-0

[Event "FRM-chT"]
[Site "Struga"]
[Date "2007.07.23"]
[Round "1"]
[White "Razmoski, Miroslav"]
[Black "Ilic, Mihajlo"]
[Result "0-1"]
[WhiteElo "1906"]
[BlackElo "2173"]
[PlyCount "54"]
[EventDate "2007.07.23"]
[EventType "team-tourn"]
[EventRounds "7"]
[EventCountry "MKD"]
[SourceTitle "CBM 119 Extra"]
[Source "ChessBase"]
[SourceDate "2007.09.04"]
[SourceVersion "1"]
[SourceVersionDate "2007.09.04"]
[SourceQuality "1"]

1. d4 Nf6 2. c4 e6 3. Nc3 Bb4 4. e3 0-0 5. Bd3 c5 6. Nf3 Nc6 7. 0-0 d5 8. cxd5 exd5 9. h3 Re8 10. Qc2 c4 11. Bf5 g6 12. Bxc8 Rxc8 13. a3 Bd6 14. Nd2 Bb8 15. g3 Qd6 16. Ne2 b5 17. Kg2 a5 18. Rh1 Re7 19. Nf3 Ne4 20. h4 b4 21. Bd2 Rb7 22. h5 Bc7 23. hxg6 fxg6 24. Rh2 b3 25. Qd1 Qf6 26. Qe1 Rf8 27. Nfg1 Qxf2+ 0-1

[Event "FRM CupT 15th"]
[Site "Skopje"]
[Date "2007.04.29"]
[Round "5"]
[White "Ilic, Mihajlo"]
[Black "Jacimovic, Dragoljub"]
[Result "1/2-1/2"]
[WhiteElo "2183"]
[BlackElo "2427"]
[PlyCount "97"]
[EventDate "2007.04.25"]
[EventType "team-swiss"]
[EventRounds "5"]
[EventCountry "MKD"]
[SourceTitle "EXT 2019"]
[Source "ChessBase"]
[SourceDate "2018.10.10"]
[SourceVersion "1"]
[SourceVersionDate "2018.10.10"]
[SourceQuality "1"]

1. e4 e6 2. d4 d5 3. Nd2 Nc6 4. Ngf3 Nf6 5. e5 Nd7 6. Bb5 Ncb8 7. c3 c5 8. 0-0 Nc6 9. Re1 Be7 10. Nf1 Qb6 11. Ba4 Nf8 12. a3 Bd7 13. b4 c4 14. Bc2 a5 15. Bg5 Ng6 16. Ng3 Qd8 17. Qd2 0-0 18. b5 Bxg5 19. Nxg5 Nce7 20. a4 h6 21. Nf3 Nf5 22. Bxf5 exf5 23. Nh5 Be6 24. g3 Kh8 25. h4 Qd7 26. Nf4 Nxf4 27. Qxf4 Qe7 28. Kg2 Kh7 29. Rh1 Rh8 30. h5 b6 31. Rh2 Kg8 32. Qh4 Kf8 33. Qf4 Ke8 34. Nh4 Qg5 35. Nf3 Qxf4 36. gxf4 Ke7 37. Rg1 Rh7 38. Kf1 Rg8 39. Rhg2 Bd7 40. Nh4 Ke6 41. Ke2 Be8 42. Ke3 Bd7 43. Kf3 Ke7 44. Ke3 Bc8 45. Kf3 Be6 46. Ke3 Bd7 47. Rg3 Ke6 48. R3g2 Be8 49. Rg3 1/2-1/2

[Event "FRM CupT 15th"]
[Site "Skopje"]
[Date "2007.04.27"]
[Round "3"]
[White "Ilic, Ljubomir"]
[Black "Ilic, Mihajlo"]
[Result "1/2-1/2"]
[WhiteElo "2261"]
[BlackElo "2183"]
[PlyCount "89"]
[EventDate "2007.04.25"]
[EventType "team-swiss"]
[EventRounds "5"]
[EventCountry "MKD"]
[SourceTitle "EXT 2019"]
[Source "ChessBase"]
[SourceDate "2018.10.10"]
[SourceVersion "1"]
[SourceVersionDate "2018.10.10"]
[SourceQuality "1"]

1. g3 d5 2. Bg2 Nf6 3. d3 c6 4. Nd2 e5 5. e4 Bg4 6. Ngf3 Bd6 7. h3 Bh5 8. 0-0 0-0 9. c3 Nbd7 10. Re1 Re8 11. Nf1 Nc5 12. Qc2 Bg6 13. Nh4 dxe4 14. dxe4 Qc7 15. Bg5 Be7 16. Nf5 Bxf5 17. exf5 h6 18. Bxf6 Bxf6 19. b4 Nd7 20. Nd2 Bg5 21. Ne4 Nf6 22. Nc5 h5 23. h4 Bh6 24. Ne4 Nxe4 25. Bxe4 Rad8 26. Rad1 Rxd1 27. Rxd1 Rd8 28. Bf3 Rxd1+ 29. Bxd1 Qd6 30. Bxh5 Qd2 31. Qb3 Qe1+ 32. Kg2 Qe4+ 33. Bf3 Qd3 34. c4 Qxb3 35. axb3 Kf8 36. b5 cxb5 37. cxb5 b6 38. Bd5 Ke7 39. Kf3 f6 40. Kg4 Bd2 41. Kh5 Be1 42. Kg6 Kf8 43. h5 Bxf2 44. h6 gxh6 45. Kxf6 1/2-1/2

[Event "FRM-ch 14th"]
[Site "Struga"]
[Date "2005.07.13"]
[Round "5"]
[White "Kiroski, Toni"]
[Black "Ilic, Mihajlo"]
[Result "1/2-1/2"]
[WhiteElo "2379"]
[BlackElo "2188"]
[PlyCount "25"]
[EventDate "2005.07.09"]
[EventType "swiss"]
[EventRounds "9"]
[EventCountry "MKD"]
[SourceTitle "CBM 107 Extra"]
[Source "ChessBase"]
[SourceDate "2005.09.01"]
[SourceVersion "1"]
[SourceVersionDate "2005.09.01"]
[SourceQuality "1"]

1. e4 c5 2. Nf3 e6 3. d4 cxd4 4. Nxd4 Nf6 5. Nc3 d6 6. g3 a6 7. Bg2 Qc7 8. 0-0 Bd7 9. h3 Nc6 10. g4 Nxd4 11. Qxd4 Bc6 12. a4 Be7 13. Be3 1/2-1/2

[Event "Macedonian op"]
[Site "Struga"]
[Date "2002.07.24"]
[Round "5"]
[White "Organdziev, Oliver"]
[Black "Ilic, Mihajlo"]
[Result "1/2-1/2"]
[WhiteElo "2330"]
[BlackElo "2198"]
[PlyCount "31"]
[EventDate "2002.07.20"]
[EventType "swiss"]
[EventRounds "9"]
[EventCountry "MKD"]
[SourceTitle "CBM 089 Extra"]
[Source "ChessBase"]
[SourceDate "2002.09.10"]
[SourceVersion "2"]
[SourceVersionDate "2002.09.10"]
[SourceQuality "1"]

1. e4 c5 2. Nf3 e6 3. d4 cxd4 4. Nxd4 Nf6 5. Bd3 Nc6 6. Nxc6 bxc6 7. Nc3 d5 8. 0-0 Be7 9. f4 Ba6 10. Bxa6 Qb6+ 11. Kh1 Qxa6 12. f5 dxe4 13. fxe6 0-0 14. Bg5 Qc4 15. Rf4 Qxe6 16. Bxf6 1/2-1/2

[Event "Skopje op"]
[Site "Skopje"]
[Date "1998.12.19"]
[Round "8"]
[White "Kizova, Aleksandra"]
[Black "Ilic, Mihajlo"]
[Result "0-1"]
[WhiteElo "2000"]
[BlackElo "2135"]
[PlyCount "54"]
[EventDate "1998.12.??"]
[EventType "swiss"]
[EventRounds "9"]
[EventCountry "MKD"]
[SourceTitle "EXT 2000"]
[Source "ChessBase"]
[SourceDate "1999.11.16"]
[SourceVersion "1"]
[SourceVersionDate "1999.11.16"]
[SourceQuality "1"]

1. d4 Nf6 2. c4 e6 3. Nc3 Bb4 4. Qb3 Qe7 5. Bd2 0-0 6. Nf3 b6 7. e3 Bb7 8. Be2 Bxc3 9. Bxc3 d6 10. 0-0 Nbd7 11. Rfd1 Ne4 12. Nd2 f5 13. f3 Nxd2 14. Bxd2 Kh8 15. Qa3 a5 16. b3 e5 17. dxe5 Nxe5 18. Qb2 Ng6 19. Re1 Nh4 20. Kf2 Rf6 21. Bc3 Rh6 22. Rh1 Re8 23. Qd2 Re6 24. Bd3 Qg5 25. Rhg1 Rxe3 26. Rae1 f4 27. Rd1 Nxf3 0-1